| 000 | 00505nam a2200157 a 4500 | ||
|---|---|---|---|
| 001 | 316 | ||
| 003 | CDMR | ||
| 005 | 20130926114218.0 | ||
| 008 | 130130s1924||||||||||||||||||||||||||||d | ||
| 040 |
_aCDMR _bcat _cCPC GIRONA |
||
| 100 | 1 |
_aCarbonell, Francesc _9211 |
|
| 245 | 1 | 0 |
_aL'Associació de Periodistes de Barcelona (1913-1924) _cFrancesc Carbonell |
| 260 |
_c1924 _bAssociació de Periodistes de Barcelona _aBarcelona |
||
| 610 | 0 | 4 |
_9134 _aAssociació de Periodistes de Barcelona _xHistòria |
| 942 |
_cMON _2udc |
||
| 999 |
_c316 _d316 |
||